<?xml version="1.0" encoding="UTF-8"?>
<record
    xmlns:xsi="http://www.w3.org/2001/XMLSchema-instance"
    xsi:schemaLocation="http://www.loc.gov/MARC21/slim http://www.loc.gov/standards/marcxml/schema/MARC21slim.xsd"
    xmlns="http://www.loc.gov/MARC21/slim">

  <leader>01723nam a2200265 u 4500</leader>
  <controlfield tag="001">000085650</controlfield>
  <controlfield tag="005">20200120224917.0</controlfield>
  <controlfield tag="008">100901s2017    ck     er|    |0| f spa d</controlfield>
  <datafield tag="020" ind1=" " ind2=" ">
    <subfield code="a">9789584263179</subfield>
  </datafield>
  <datafield tag="020" ind1=" " ind2=" ">
    <subfield code="a">9789584270955</subfield>
  </datafield>
  <datafield tag="020" ind1=" " ind2=" ">
    <subfield code="a">958426317x</subfield>
  </datafield>
  <datafield tag="041" ind1=" " ind2=" ">
    <subfield code="a">spa</subfield>
  </datafield>
  <datafield tag="043" ind1=" " ind2=" ">
    <subfield code="a">s-ck---</subfield>
  </datafield>
  <datafield tag="082" ind1="0" ind2="4">
    <subfield code="a">AN</subfield>
    <subfield code="b">FERAa</subfield>
  </datafield>
  <datafield tag="100" ind1="1" ind2=" ">
    <subfield code="a">Fern&#xE1;ndez Ochoa, Adelaida</subfield>
  </datafield>
  <datafield tag="245" ind1="0" ind2="1">
    <subfield code="a">Afuera crece un mundo /</subfield>
    <subfield code="c">Adelaida Fern&#xE1;ndez Ochoa.</subfield>
  </datafield>
  <datafield tag="250" ind1=" " ind2=" ">
    <subfield code="a">1a. ed.</subfield>
  </datafield>
  <datafield tag="260" ind1=" " ind2=" ">
    <subfield code="a">Bogota :</subfield>
    <subfield code="b">Planeta,</subfield>
    <subfield code="c">2017.</subfield>
  </datafield>
  <datafield tag="300" ind1=" " ind2=" ">
    <subfield code="a">271 p&#xE1;ginas.</subfield>
  </datafield>
  <datafield tag="490" ind1=" " ind2="0">
    <subfield code="a">Biblioteca Breve</subfield>
  </datafield>
  <datafield tag="520" ind1=" " ind2=" ">
    <subfield code="a">"Afuera crece un mundo rescata a Nay de las p&#xE1;ginas de Mar&#xED;a, de Jorge Isaacs. Esta vez es ella la protagonista. Es 1840 y varios cimarrones y libertos del Cauca se han unido al ej&#xE9;rcito de Los Supremos en espera de respaldo a su propia causa: la abolici&#xF3;n de la esclavitud. Pero Nay de Gambia, negra que administra la lecher&#xED;a y la huerta de una de las haciendas del judio Ibrahim Sahal, est&#xE1; convencida de que la verdadera libertad no se adquiere a trav&#xE9;s de la ley. Para ella, la &#xFA;nica forma de alcanzarla es retornar a su pa&#xED;s de origen. Junto a su hijo, Sundiata, emprender&#xE1; un largo y dificultoso viaje en busca de este sue&#xF1;o. Afuera crece un mundo rescata a Nay de las p&#xE1;ginas de Mar&#xED;a, de Jorge Isaacs. Esta vez es ella la protagonista y narradora de su historia. Su voz, que es como un canto, nos descubre a una mujer orgullosa de su identidad, conocedora de sus poderes y que se sabe due&#xF1;a de su vida y de su cuerpo. Siempre firme a su voluntad, Nay subvierte el imaginario que hemos construido sobre la mujer negra esclava.</subfield>
  </datafield>
  <datafield tag="650" ind1="1" ind2="7">
    <subfield code="a">Novela adulto</subfield>
  </datafield>
  <datafield tag="650" ind1="2" ind2="7">
    <subfield code="a">Literatura adulto</subfield>
  </datafield>
  <datafield tag="650" ind1="2" ind2="7">
    <subfield code="a">Literatura colombiana</subfield>
  </datafield>
  <datafield tag="999" ind1=" " ind2=" ">
    <subfield code="c">11694</subfield>
    <subfield code="d">11694</subfield>
  </datafield>
  <datafield tag="952" ind1=" " ind2=" ">
    <subfield code="0">0</subfield>
    <subfield code="1">0</subfield>
    <subfield code="2">ddc</subfield>
    <subfield code="4">0</subfield>
    <subfield code="7">0</subfield>
    <subfield code="8">LA</subfield>
    <subfield code="a">BPMOS</subfield>
    <subfield code="b">BPMOS</subfield>
    <subfield code="d">2020-01-20</subfield>
    <subfield code="i">NT</subfield>
    <subfield code="l">0</subfield>
    <subfield code="o">AN FERAa</subfield>
    <subfield code="p">MOS019924</subfield>
    <subfield code="r">2021-04-26</subfield>
    <subfield code="t">ej.1</subfield>
    <subfield code="w">2020-01-20</subfield>
    <subfield code="y">BKLIT</subfield>
    <subfield code="z">Quince d&#xED;as</subfield>
  </datafield>
</record>
